00426ntaaa2200169 45000030003000000050017000030080021000200400037000410820017000781000023000952450025001182500010001432600051001533000010002045000023002146500019002370120251027201617.00714s1973 ag 01  aAR-BaBNbspacAR-BaBNeaacrdRIC a248.2700 D44 aDerham, A. Morgan  aThe mature christian a1 ed. aWestwood : bFleming H Revell Company, cc1965 a128 p aEl creyente maduro avida cristiana